000 01549cab a2200349 4500
001 ABS51558
008 090401t1994 xxu||||| |||| 00| 0 eng d
035 _a(Sirsi) u33278
041 _aeng
245 2 _aA European passport for financial services
260 _c1994
350 _a0
490 _aCommission of the European Communities Background Report
_v(ISEC/B15/94) September 1994 (5)
520 _aIntroduces the `European passport` of EC directives coordinating the single market in banking, insurance and investment services. Explains the operation of the Second Banking Directive, Solvency Ratio Directive and the Own Funds Directive in the banking sector; various Life and Non-Life Assurance Directives for the insurance market; and the Investment Services, Capital Adequacy and Second Listing Particulars Directives in the securities industry.
650 _aCAPITAL ADEQUACY DIRECTIVE
650 _aCAPITAL MOVEMENT DIRECTIVE
650 _aCREDIT GUARANTEE DIRECTIVE
650 _aEC DIRECTIVES
650 _aFINANCIAL SERVICES
650 _aINVESTMENT SERVICES DIRECTIVE
650 _aOWN FUNDS DIRECTIVE
650 _aSECOND BANKING DIRECTIVE
650 _aSECOND LIFE ASSURANCE DIRECTIVE
650 _aSECOND LISTING PARTICULARS DIRECTIVE
650 _aSECOND NON-LIFE ASSURANCE DIRECTIVE
650 _aSOLVENCY RATIO DIRECTIVE
650 _aTHIRD LIFE ASSURANCE DIRECTIVE
690 _aEUROPE-SINGLE MARKET
690 _aPROPERTY-PROPERTY FINANCE AND INVESTMENT
942 _n0
948 _c04/03/1997
999 _c22242
_d22242